হেগেল : (Record no. 39501)
[ view plain ]
| 000 -LEADER | |
|---|---|
| fixed length control field | 00938nam a2200241 a 4500 |
| 001 - CONTROL NUMBER | |
| control field | 39501 |
| 003 - CONTROL NUMBER IDENTIFIER | |
| rucl marc code | BD-RjUL |
| 005 - DATE AND TIME OF LATEST TRANSACTION | |
| control field | 20211209053014.0 |
| 008 - FIXED-LENGTH DATA ELEMENTS--GENERAL INFORMATION | |
| fixed length control field | 160411s2014 bg ||||| |||| 00| 0 ben d |
| 020 ## - INTERNATIONAL STANDARD BOOK NUMBER | |
| International Standard Book Number | 9789848796665 |
| Terms of availability | : TK 250.00 |
| 035 ## - SYSTEM CONTROL NUMBER | |
| System control number | (BD-RjUL)39614 |
| 040 ## - CATALOGING SOURCE | |
| Original cataloging agency | BD-RjUL |
| Language of cataloging | ben |
| Transcribing agency | BD-RjUL |
| 041 ## - LANGUAGE CODE | |
| Language code of text/sound track or separate title | ben |
| 082 ## - DEWEY DECIMAL CLASSIFICATION NUMBER | |
| Edition number | 23 |
| Classification number | 193 |
| Author mark and year | IMH 2014 |
| 100 ## - MAIN ENTRY--PERSONAL NAME | |
| Personal name | ইমাম, পারভেজ |
| 9 (RLIN) | 121713 |
| 245 10 - TITLE STATEMENT | |
| Title | হেগেল : |
| Remainder of title | জীবন ও দর্শন / |
| Statement of responsibility, etc. | পারভেজ ইমাম |
| 260 ## - PUBLICATION, DISTRIBUTION, ETC. (IMPRINT) | |
| Place of publication, distribution, etc. | ঢাকা : |
| Name of publisher, distributor, etc. | অবসর প্রকাশ, |
| Date of publication, distribution, etc. | ২০১৪ |
| 300 ## - PHYSICAL DESCRIPTION | |
| Pagination | ১৯২ পৃ. ; |
| Size | ২২ সেমি. |
| 504 ## - BIBLIOGRAPHY, ETC. NOTE | |
| Bibliography, etc | গ্রন্থপঞ্জি সম্বলিত |
| 600 ## - SUBJECT ADDED ENTRY--PERSONAL NAME | |
| Personal name | হেগেল, জর্জ উইলহেম ফ্রেডরিক |
| Chronological subdivision | ১৭৭০-১৮৩১ |
| Personal name | Hegel, Georg Wilhelm Friedrich |
| Chronological subdivision | 1770-1831 |
| 942 ## - ADDED ENTRY ELEMENTS (KOHA) | |
| Source of classification or shelving scheme | Dewey Decimal Classification |
| Koha item type | Books |
| Lost status | Source of classification or shelving scheme | Damaged status | Not for loan | Collection code | Permanent Location | Current Location | Shelving location | Date acquired | Source of acquisition | Cost, normal purchase price | Total Checkouts | Full call number | Date last seen | Copy number | Koha item type | Date checked out |
|---|---|---|---|---|---|---|---|---|---|---|---|---|---|---|---|---|
| Dewey Decimal Classification | Not For Loan | Non-fiction | Central Library, University of Rajshahi | Central Library, University of Rajshahi | Reading Room | 08/03/2014 | R.u. Authors | 250.00 | B 193 IMH 2014 | 11/04/2016 | C-1 | Books | ||||
| Dewey Decimal Classification | Non-fiction | Central Library, University of Rajshahi | Central Library, University of Rajshahi | 08/03/2014 | R.U. Authors | 250.00 | 4 | B 193 IMH 2014 | 21/04/2024 | C-2 | Books | 18/04/2024 |